000 00864nam a2200217 i 4500
001 114234
003 ES-MaACL
005 20230906190116.0
007 t|
008 061121s1985 sz r ||||1| spa d
245 0 0 _aNouvelles lectures de Nietzsche
_b: á l'occasion du centième anniversaire de ls composition d'ainsi parlait Zarathoustra /
_cEric Blondel [et. al.] ; textes recueillis par Dominique Janicaud.
260 _aLausanne :
_bL'Age d'Homme,
_c1985.
300 _a167 p. ;
_c23 cm.
490 1 _aCahiers l'age d'homme ;
_v1
600 1 4 _aNietzsche, Friedrich,
_d1844-1900.
_tAsí habló Zaratustra-
_xCrítica e interpretación
_985722
700 1 _aBlondel, Eric.
_929545
700 1 _aJanicaud, Dominique.
_966020
830 0 _aCahiers l'age d'homme ;
_v1
_9226402
852 _aES-MaACL
_jL-11654
_bR.113512
999 _c114234
_d114234